| 000 | 00537nam a2200205 a 4500 | ||
|---|---|---|---|
| 001 | 000033658 | ||
| 003 | DO-SdBNP | ||
| 005 | 20220914092858.0 | ||
| 007 | ta | ||
| 008 | 110905s1942 dr 000 p spa d | ||
| 040 |
_aDO-SdBNP _bspa _cBNPHU |
||
| 082 |
_axxx _bA729c |
||
| 100 |
_aArmin _959125 |
||
| 245 | 1 | 0 |
_aCantos de ayer y de hoy / _cArmin. |
| 260 |
_aCiudad Trujillo, República Dominicana : _b[s.n.], _c1942. |
||
| 300 |
_a[126 p.] ; _c16 cm. |
||
| 590 | _aInventariado, 2022/ YL | ||
| 910 | _aYLockward | ||
| 942 |
_2ddc _cLBS1 |
||
| 999 |
_c33149 _d33149 |
||